000 00784nam a2200181Ia 4500
008 151202s9999||||xx |||||||||||||| ||und||
082 _bPNVM-69035
100 _aजेम्स निकोला टी /अनु - टाकळकर मीना.
245 _aद प्राइस ऑफ लव्ह.
260 _b"मेहता पब्लिशिंग हाऊस, पुणे."
260 _c69035
300 _a204
600 _aजेम्स निकोला टी /अनु - टाकळकर मीना.
630 _aद प्राइस ऑफ लव्ह.
700 _aजेम्स निकोला टी /अनु - टाकळकर मीना.
730 _aद प्राइस ऑफ लव्ह.
942 _cBOOK
999 _c1335545
_d1335542